Estudio del teodolito y del anteojo de pasos de Salmoiraghi y determinación de la latitud y de la hora en las estaciones de Plasencia y Burgos / (Record no. 149437)

MARC details
000 -LEADER
campo de control de longitud fija 00566nam a2200145 i 4500
001 - NÚMERO DE CONTROL
campo de control 149437
003 - IDENTIFICADOR DE NÚMERO DE CONTROL
campo de control ES-MaACL
007 - CAMPO FIJO DE DESCRIPCIÓN FÍSICA--INFORMACIÓN GENERAL
campo de control de longitud fija t|
008 - DATOS DE LONGITUD FIJA--INFORMACIÓN GENERAL
campo de control de longitud fija 071022s1906 sp ||||1| spa d
100 1# - ENTRADA PRINCIPAL--NOMBRE DE PERSONA
Nombre de persona Vela y Herranz, Antonio.
9 (RLIN) 113696
245 10 - MENCIÓN DEL TÍTULO
Título Estudio del teodolito y del anteojo de pasos de Salmoiraghi y determinación de la latitud y de la hora en las estaciones de Plasencia y Burgos /
Mención de responsabilidad, etc. por Antonio Vela y Herranz.
260 ## - PUBLICACIÓN, DISTRIBUCIÓN, ETC.
Lugar de publicación, distribución, etc. Madrid :
Nombre del editor, distribuidor, etc. [s.n.],
Fecha de publicación, distribución, etc. 1906 (
Fabricante Impr. del Instituto Geofráfico y Estadística)
300 ## - DESCRIPCIÓN FÍSICA
Extensión 158 p. ;
Dimensiones 25 cm.
852 ## - LOCALIZACIÓN
Ubicación ES-MaACL
Número de control de estantería B-5277
Holdings
Estatus retirado Estado de pérdida Estado de daño No para préstamo Biblioteca de origen Biblioteca actual Ubicación en estantería Fecha de adquisición Fuente de adquisición Total de préstamos Signatura topográfica completa Código de barras Visto por última vez Precio de reemplazo Tipo de ítem Koha
        Biblioteca del Ateneo de Madrid Biblioteca del Ateneo de Madrid Sala Pardo Bazán 17/01/2008     B-5277 1155941 23/02/2023 23/02/2023 Libro impreso